000 00384pab a2200157 454500
008 180718b1995 xxu||||| |||| 00| 0 eng d
100 _aShyam Sunder, K.R.
245 _aCommunity policing by FOPs and COPs.
260 _c1995
300 _ap.7-10
362 _aApr
650 _aCommunity policing - India
650 _aPolice - India
773 _aCBI Bulletin
909 _a28531
999 _c28531
_d28531